000 00898nam a2200229 a 4500
001 000016864
005 20200929164956.0
008 100311s2001 mx 000 0 spa d
020 _a968508730X
040 _aDO-SdBNP
_bspa
_cBNPHU
082 _a302.2
_bF954c
100 1 _aFuentes Navarro, Raúl
_933900
245 1 0 _aComunicación, utopía y aprendizaje :
_bpropuestas de interpretación y acción 1980-1996 /
_cRaúl Fuentes Navarro.
260 _aGuadalajara, México :
_bITESO,
_c2001.
300 _a179 p. ;
_c22 cm.
504 _aIncluye referencias bibliográficas y notas al pie de las páginas
504 _aIncluye bibliografías (p. 175-179)
650 4 _aComunicación
_xEnseñanza superior
_zMexico
_937327
650 4 _aComunicación
_xEnseñanza superior
_zAmérica Latina
_937328
710 1 _aInstituto Tecnológico y de Estudios Superiores de Occidente
_937329
049 _aBNPD
999 _c16396
_d16396